000
00315nam a2200109Ia 4500
008
200302s9999 xx 000 0 und d
100
_a
Chip Sullivan
245
_a
Drawing the Landscape the Art of Hand Drawing and Digital Representation 4th ed
260
_b
John- Wiley & Sons, Inc.,
260
_c
2014
300
_a
338
999
_c
3760
_d
3760